|
|
|
|
| LEADER |
00000nam a2200000Ii 4500 |
| 001 |
DIGUAZUAY0148 |
| 003 |
NyNyDIG |
| 006 |
m o d |
| 007 |
cr ||||||||||| |
| 008 |
251104s2022 ec o o 000 0 spa d |
| 035 |
|
|
|a (OCoLC)1548425005
|
| 040 |
|
|
|a DGITA
|b eng
|e rda
|e pn
|c DGITA
|
| 020 |
|
|
|a 9789942618139
|q eBook
|
| 020 |
|
|
|z 9789942618122
|
| 043 |
|
|
|a s-ck---
|
| 050 |
1 |
4 |
|a TR659 ebook
|
| 245 |
0 |
0 |
|a Viaje académico 2022 :
|b arquda /
|c Cristian Sotomayor Bustos [and 3 others].
|
| 264 |
|
1 |
|a Cuenca, [Ecuador] :
|b Universidad del Azuay, Casa Editora,
|c [2022]
|
| 300 |
|
|
|a 1 online resource :
|b photographs.
|
| 336 |
|
|
|a text
|b txt
|2 rdacontent
|
| 337 |
|
|
|a computer
|b c
|2 rdamedia
|
| 338 |
|
|
|a online resource
|b cr
|2 rdacarrier
|
| 347 |
|
|
|a text file
|2 rdaft
|
| 347 |
|
|
|b PDF
|
| 490 |
1 |
|
|a Artem
|
| 588 |
0 |
|
|a Online resource; title from PDF title page (Digitalia, viewed November 4, 2025)
|
| 650 |
|
0 |
|a Architectural photography
|z Colombia
|z Bogotá.
|
| 650 |
|
0 |
|a Students
|x Travel
|z Colombia
|z Bogotá.
|
| 650 |
|
0 |
|a Photography in education.
|
| 700 |
1 |
|
|a Sotomayor Bustos, Cristian Marcelo,
|e editor.
|
| 791 |
2 |
|
|a Digitalia (Firm),
|e distributor.
|
| 793 |
0 |
|
|g Digitalia eBook Collection:
|a Universidad del Azuay
|
| 776 |
0 |
8 |
|i Print version:
|t Viaje académico 2022.
|d Cuenca, [Ecuador] : Universidad del Azuay, Casa Editora, [2022]
|z 9789942618122
|
| 830 |
|
0 |
|a Artem (Universidad del Azuay, Casa Editora)
|
| 856 |
4 |
0 |
|3 Digitalia Hispánica
|u https://www.digitaliapublishing.com/a/133533/
|
| 910 |
|
|
|a Premium collection: 2025
|